[Event "FRA-ch op-C"]
[Site "Pau"]
[Date "2008.08.19"]
[Round "7"]
[White "Graciette, Paul"]
[Black "Afraoui, Solenn"]
[Result "1-0"]
[WhiteElo "1760"]
[BlackElo "1710"]
[PlyCount "77"]
[EventDate "2008.08.11"]
[EventType "swiss"]
[EventRounds "9"]
[EventCountry "FRA"]
[SourceTitle "CBM 126 Extra"]
[Source "ChessBase"]
[SourceDate "2008.11.05"]
[SourceVersion "1"]
[SourceVersionDate "2008.11.05"]
[SourceQuality "1"]

1. d4 Nf6 2. e3 g6 3. Nd2 Bg7 4. f4 d6 5. Ngf3 0-0 6. Bc4 Bg4 7. h3 Bxf3 8. Qxf3 c6 9. 0-0 Nbd7 10. e4 e5 11. dxe5 dxe5 12. f5 Nc5 13. Qe3 Qb6 14. Re1 Rfd8 15. b3 Rd7 16. Ba3 Na6 17. Qxb6 axb6 18. Nf3 Nh5 19. Bb2 Nb4 20. Rec1 Rxa2 21. Rxa2 Nxa2 22. Ra1 Nb4 23. Ra8+ Bf8 24. fxg6 hxg6 25. Nxe5 Rd1+ 26. Kh2 Nf4 27. Bxf7+ Kg7 28. Nd7+ Kxf7 29. Rxf8+ Ke7 30. Rxf4 Kxd7 31. Rf7+ Kc8 32. Bf6 Nxc2 33. Rf8+ Kc7 34. e5 Ne3 35. Rf7+ Kc8 36. e6 Nf1+ 37. Kg1 Ne3+ 38. Kf2 Nd5 39. Rf8+ 1-0

[Event "Orleans op"]
[Site "Orleans"]
[Date "2004.??.??"]
[Round "2"]
[White "Coupe, Nicolas"]
[Black "Graciette, Paul"]
[Result "1-0"]
[WhiteElo "2000"]
[BlackElo "1320"]
[PlyCount "49"]
[EventDate "2004.12.??"]
[EventType "swiss"]
[EventRounds "9"]
[EventCountry "FRA"]
[SourceTitle "EXT 2007"]
[Source "ChessBase"]
[SourceDate "2006.11.23"]
[SourceVersion "1"]
[SourceVersionDate "2006.11.23"]
[SourceQuality "1"]

1. b4 d5 2. Bb2 Nf6 3. e3 Bf5 4. c4 e6 5. c5 Be7 6. Nf3 0-0 7. Be2 a5 8. a3 b6 9. d4 c6 10. Ne5 Qc7 11. Nd2 Nbd7 12. Ndf3 Bg4 13. 0-0 Bxf3 14. Nxf3 Ne4 15. Qc2 Bf6 16. Rfc1 b5 17. Bd3 e5 18. Bxe4 dxe4 19. Qxe4 exd4 20. Bxd4 Rfe8 21. Qf5 Ne5 22. Ng5 Bxg5 23. Qxg5 axb4 24. axb4 Nd3 25. Qxg7# 1-0

[Event "Orleans op"]
[Site "Orleans"]
[Date "2004.??.??"]
[Round "9"]
[White "Riverais, Gerald"]
[Black "Graciette, Paul"]
[Result "1-0"]
[WhiteElo "2054"]
[BlackElo "1320"]
[PlyCount "33"]
[EventDate "2004.12.??"]
[EventType "swiss"]
[EventRounds "9"]
[EventCountry "FRA"]
[SourceTitle "EXT 2007"]
[Source "ChessBase"]
[SourceDate "2006.11.23"]
[SourceVersion "1"]
[SourceVersionDate "2006.11.23"]
[SourceQuality "1"]

1. e4 e5 2. Nf3 Nc6 3. Bc4 Bc5 4. c3 Nf6 5. d3 d5 6. exd5 Nxd5 7. h3 h6 8. 0-0 0-0 9. Re1 Re8 10. b4 Bb6 11. Qb3 a5 12. Bxd5 a4 13. Qc4 Qf6 14. Be3 Bxe3 15. Rxe3 Qg6 16. Kh2 Ne7 17. Nxe5 1-0